[Event "Palma de Mallorca op U2200"]
[Site "Palma de Mallorca"]
[Date "2013.01.18"]
[Round "7"]
[White "Rubert Alfonso, Victor"]
[Black "Alcover Balaguer, Jordi"]
[Result "1-0"]
[WhiteElo "1591"]
[BlackElo "1736"]
[PlyCount "67"]
[EventDate "2013.01.12"]
[EventType "swiss"]
[EventRounds "9"]
[EventCountry "ESP"]
[SourceTitle "EXT 2014"]
[Source "ChessBase"]
[SourceDate "2013.11.20"]
[SourceVersion "1"]
[SourceVersionDate "2013.11.20"]
[SourceQuality "1"]

1. e4 e6 2. d4 d5 3. exd5 exd5 4. Nf3 Nf6 5. Nc3 Nc6 6. Be2 Be7 7. 0-0 0-0 8. Bf4 a6 9. Re1 Re8 10. Ne5 Nxe5 11. Bxe5 c6 12. a3 Nd7 13. Bd3 Nxe5 14. dxe5 Bg5 15. Qe2 f6 16. Qh5 f5 17. h4 g6 18. Qxg5 Qxg5 19. hxg5 Bd7 20. f4 b5 21. Ne2 c5 22. c3 Bc6 23. b4 Rac8 24. Bc2 d4 25. cxd4 cxd4 26. Nxd4 Bd5 27. Rac1 Rc4 28. Ne2 Kf8 29. Bd3 Rcc8 30. Rxc8 Rxc8 31. Rc1 Bc4 32. Nd4 Ke7 33. Kf2 Rd8 34. Nc6+ 1-0

[Event "Palma de Mallorca op U2200"]
[Site "Palma de Mallorca"]
[Date "2013.01.15"]
[Round "4"]
[White "Alcover Balaguer, Jordi"]
[Black "Rossello Sanchez, Bartolome"]
[Result "1-0"]
[WhiteElo "1736"]
[BlackElo "1345"]
[PlyCount "64"]
[EventDate "2013.01.12"]
[EventType "swiss"]
[EventRounds "9"]
[EventCountry "ESP"]
[SourceTitle "EXT 2014"]
[Source "ChessBase"]
[SourceDate "2013.11.20"]
[SourceVersion "1"]
[SourceVersionDate "2013.11.20"]
[SourceQuality "1"]

1. d4 d5 2. c4 e6 3. Nf3 h6 4. Nc3 Nf6 5. e3 a6 6. cxd5 exd5 7. Bd3 c5 8. 0-0 c4 9. Bc2 b5 10. b3 b4 11. Na4 c3 12. a3 a5 13. Ne5 h5 14. Nd3 Nc6 15. Nac5 Qb6 16. axb4 Nxb4 17. Nxb4 Qxb4 18. Ba3 Qb6 19. Bd3 Bg4 20. Qc2 Bd6 21. Qxc3 Rc8 22. Rfc1 0-0 23. Qd2 Rfd8 24. b4 Bb8 25. bxa5 Qd6 26. f4 Ne4 27. Nxe4 Qh6 28. Nf2 Re8 29. Nxg4 hxg4 30. Rcb1 g5 31. g3 gxf4 32. gxf4 Bc7 1-0

[Event "Palma de Mallorca op U2200"]
[Site "Palma de Mallorca"]
[Date "2013.01.13"]
[Round "2"]
[White "Alcover Balaguer, Jordi"]
[Black "Martinez Fernandez, Emma"]
[Result "1-0"]
[WhiteElo "1736"]
[BlackElo "1507"]
[PlyCount "51"]
[EventDate "2013.01.12"]
[EventType "swiss"]
[EventRounds "9"]
[EventCountry "ESP"]
[SourceTitle "EXT 2014"]
[Source "ChessBase"]
[SourceDate "2013.11.20"]
[SourceVersion "1"]
[SourceVersionDate "2013.11.20"]
[SourceQuality "1"]

1. d4 g6 2. c4 Bg7 3. e4 d6 4. Nc3 Nd7 5. Nf3 e5 6. Be2 Ne7 7. d5 h6 8. Be3 0-0 9. 0-0 f5 10. exf5 Nxf5 11. Bd2 Nf6 12. Bd3 g5 13. h3 Re8 14. Ne4 Nxe4 15. Bxe4 Qf6 16. Nh2 Nd4 17. Qh5 Bf5 18. Ng4 Bxg4 19. Qxg4 Re7 20. b4 c6 21. c5 dxc5 22. bxc5 cxd5 23. Bxd5+ Kh8 24. Rab1 Rb8 25. Qe4 b6 26. c6 1-0

[Event "Mallorca-chT Preferente"]
[Site "Palma de Mallorca"]
[Date "2012.03.31"]
[Round "9.3"]
[White "Alcover Balaguer, Jordi"]
[Black "Shen, Yue"]
[Result "0-1"]
[WhiteElo "1745"]
[BlackElo "2070"]
[PlyCount "72"]
[EventDate "2012.01.28"]
[EventType "team"]
[EventRounds "9"]
[EventCountry "ESP"]
[SourceTitle "EXT 2014"]
[Source "ChessBase"]
[SourceDate "2013.11.20"]
[SourceVersion "1"]
[SourceVersionDate "2013.11.20"]
[SourceQuality "1"]
[WhiteTeam "Binissalem"]
[BlackTeam "La Balanguera"]
[WhiteTeamCountry "ESP"]
[BlackTeamCountry "ESP"]

1. d4 Nf6 2. c4 g6 3. Nf3 Bg7 4. Nc3 0-0 5. e4 d6 6. Be2 e5 7. 0-0 Nc6 8. d5 Ne7 9. b4 a5 10. Ba3 axb4 11. Bxb4 b6 12. a4 Ne8 13. Re1 Kh8 14. Qb3 f5 15. Ng5 h6 16. Ne6 Bxe6 17. dxe6 Qc8 18. exf5 gxf5 19. Bf3 Ra7 20. Nd5 Qxe6 21. Nf4 Qf7 22. Bh5 Qg8 23. Ba3 Nf6 24. Ng6+ Nxg6 25. Bxg6 Qe6 26. Qc2 Nd7 27. Bh5 Rfa8 28. Bb2 Nc5 29. Bf3 e4 30. Bxg7+ Kxg7 31. Ra3 Rxa4 32. Rc3 Ra1 33. Bd1 R8a2 34. Rg3+ Kh7 35. Qc3 Qe5 36. Qb4 Rb2 0-1

[Event "Mallorca-chT Primera"]
[Site "Palma de Mallorca"]
[Date "2012.03.10"]
[Round "6.2"]
[White "Oliver Font, Jose Luis"]
[Black "Alcover Balaguer, Jordi"]
[Result "1-0"]
[WhiteElo "1867"]
[BlackElo "1745"]
[PlyCount "101"]
[EventDate "2012.01.28"]
[EventType "team"]
[EventRounds "9"]
[EventCountry "ESP"]
[SourceTitle "EXT 2014"]
[Source "ChessBase"]
[SourceDate "2013.11.20"]
[SourceVersion "1"]
[SourceVersionDate "2013.11.20"]
[SourceQuality "1"]

1. e4 e6 2. d4 d5 3. Nd2 Nf6 4. e5 Nfd7 5. Bd3 c5 6. c3 Nc6 7. Ne2 cxd4 8. cxd4 f6 9. exf6 Nxf6 10. 0-0 Bd6 11. Nf3 0-0 12. Bg5 Qb6 13. b3 Bd7 14. Qb1 Nb4 15. Bxf6 Nxd3 16. Bxg7 Rf7 17. Bh6 Nf4 18. Ng3 Bf8 19. Bg5 Ng6 20. h4 Rxf3 21. gxf3 Qxd4 22. Kg2 Bg7 23. Qc2 Rf8 24. Rad1 Nf4+ 25. Bxf4 Qxf4 26. Qe2 Be5 27. Qe3 Qf6 28. Qg5+ Kh8 29. Qxf6+ Rxf6 30. Rfe1 Bc3 31. Re2 Bc6 32. Rc1 d4 33. Ne4 Rf5 34. Kg3 d3 35. Rxc3 dxe2 36. Re3 Rd5 37. Rxe2 Rd3 38. Kf4 Kg7 39. Ke5 Rxf3 40. Ng3 Kf7 41. Rd2 Ke7 42. Re2 Rf6 43. f4 Rg6 44. Re3 Kf7 45. Rd3 Ke7 46. f5 exf5 47. Nxf5+ Ke8 48. h5 Rg2 49. a4 Re2+ 50. Kf6 Re4 51. Nd6+ 1-0

[Event "Mallorca-chT Primera"]
[Site "Palma de Mallorca"]
[Date "2012.02.18"]
[Round "3.5"]
[White "Alcover Balaguer, Jordi"]
[Black "Tanco Salas, Jesus Maria"]
[Result "1-0"]
[WhiteElo "1745"]
[BlackElo "1893"]
[PlyCount "97"]
[EventDate "2012.01.28"]
[EventType "team"]
[EventRounds "9"]
[EventCountry "ESP"]
[SourceTitle "EXT 2014"]
[Source "ChessBase"]
[SourceDate "2013.11.20"]
[SourceVersion "1"]
[SourceVersionDate "2013.11.20"]
[SourceQuality "1"]

1. d4 d5 2. c4 e6 3. Nc3 c6 4. Nf3 Bd6 5. Bg5 Nf6 6. e3 Nbd7 7. cxd5 exd5 8. Bd3 Qc7 9. Rc1 0-0 10. 0-0 Qb8 11. Ne2 Ne4 12. Bf4 Ndf6 13. Bxd6 Qxd6 14. Ne5 Bd7 15. Ng3 Rad8 16. Nxe4 dxe4 17. Be2 Be6 18. a3 Rfe8 19. b4 a6 20. Qc2 Re7 21. Bc4 Bxc4 22. Qxc4 Nd5 23. Qe2 f6 24. Nc4 Qe6 25. Nd2 Nc7 26. Qc4 Rd5 27. Nb3 Nb5 28. a4 Nd6 29. Qc2 Qg4 30. Qd1 Qg6 31. Rc5 Qf7 32. Qg4 f5 33. Qf4 Qe6 34. Rxd5 Qxd5 35. Nc5 h6 36. Qh4 Kf8 37. Rc1 Nc4 38. Qf4 g5 39. Qb8+ Kg7 40. Nxb7 Nb2 41. Rc5 Qb3 42. h4 Qxb4 43. Rxf5 Rxb7 44. Qe5+ Kg8 45. Qe6+ Kh7 46. Rf6 Qe7 47. Rxh6+ Kg7 48. Qg6+ Kf8 49. Rh8# 1-0